Public Art and the Eye of the Beholder Understanding How the Viewer Perceives, Engages with, and Interprets Cultural Narratives in Public Space
| Main Author: | |
|---|---|
| Other Authors: | |
| Format: | Thesis |
| Kulcsszavak: | 21th century Art Tourism creative tourism Culture Tourism heritage tourism Public Art |
| Online Access: | http://dolgozattar.uni-bge.hu/60312 |
MARC
| LEADER | 00000nta a2200000 i 4500 | ||
|---|---|---|---|
| 001 | dolg60312 | ||
| 005 | 20260409150306.0 | ||
| 008 | 260409suuuu hu om 000 eng d | ||
| 040 | |a BGE Dolgozattár Repozitórium |b hun | ||
| 041 | |a en | ||
| 100 | 1 | |a Azar Taj Osama | |
| 245 | 1 | 0 | |a Public Art and the Eye of the Beholder |b Understanding How the Viewer Perceives, Engages with, and Interprets Cultural Narratives in Public Space |c Azar Taj Osama |h [elektronikus dokumentum] |
| 520 | 3 | |a Through employing a mixed-methods approach (site observations, interviews, surveys, and A/B testing), the research examines: how artistic typologies influence engagement, preceptory divides for traumatic versus celebratory artworks, and dissecting the interpretive gap between locals and international visitors, taking case studies of public art in Budapest—specifically,The Shoes on the Danube,Firewall Murals,Kolodko’s Mini Statues, andThe Fat Policeman— to dive into public artworks' mediation between local memory and tourist consumption.Although public art promotes emotional, multi-faceted sentiments that can bridge cultural divides, its social and historical significance often gets oversimplified due to commodification or spectacle tourism. The research emphasizes the general imbalance between remembrance and accessibility aiming to propose the advocacy for participatory appeal alongside cultural preservation.By framing public art as both a mirror of identity and a dialogic catalyst, this research offers actionable insights for urban planners, artists, and policymakers seeking to harness art’s transformative potential in public spaces. | |
| 695 | |a 21th century | ||
| 695 | |a Art Tourism | ||
| 695 | |a creative tourism | ||
| 695 | |a Culture Tourism | ||
| 695 | |a heritage tourism | ||
| 695 | |a Public Art | ||
| 700 | 1 | |a Smith Melanie Kay |e ths | |
| 856 | 4 | 0 | |u http://dolgozattar.uni-bge.hu/60312/1/Public%20Art%20and%20The%20Eye%20of%20the%20Beholder%20-%20Taj%20Azar.pdf |z Dokumentum-elérés |
| 856 | 4 | 0 | |u http://dolgozattar.uni-bge.hu/60312/2/MSc%20Assessment%20Sheet_2025_Taj%20Azar.pdf |z Dokumentum-elérés |
| 856 | 4 | 0 | |u http://dolgozattar.uni-bge.hu/60312/3/Taj%20Azar_Review_Melanie%20Smith.pdf |z Dokumentum-elérés |